| 000 | 00489nam a22001937a 4500 | ||
|---|---|---|---|
| 999 |
_c7465 _d7465 |
||
| 003 | OSt | ||
| 005 | 20211112155219.0 | ||
| 008 | 211112b ||||| |||| 00| 0 eng d | ||
| 020 | _a0750613262 | ||
| 040 | _cNLM | ||
| 082 |
_25th _aWP5 _bJ35j 1987 |
||
| 100 |
_aTindall, V R _915290 |
||
| 245 | _aJeffcoate's principles of Gynaecology | ||
| 260 |
_aLondon: _bHeinemann; _c1987 |
||
| 300 |
_a722p.: _bill., _c24cm |
||
| 504 | _aindex | ||
| 650 |
_aGenital organs _915291 |
||
| 942 |
_2z _cBOOK |
||